1524 1266 1152 1281 1232 1882 1538 1208 1468 1942 1047 1188 1952 1529 1721 1489 1953 1837 1324 1105 1512 1267 1026 1302 1846 1910 1114 1958 1763 1988 1134 1728 1231 1192 1684 1112 1284 1245 1856 1807 1791 1594 1814 1972 1037 1059 1435 1258 1353 1222 1749 1232 1715 1345 1023 1272 1868 1719 1417 1257 1650 1627 1104 1752 1336 1494 1308 1117 1202 1595 1614 1039 1733 1162 1448 1606 1736 1183 1118 1297 1909 1539 1517 1240 1119 1946 1703 1215 1743 1586 1797 1289 1424 1371 1407 1997 1459 1532 1193 BCNSPRNW ULIB Ver.6.0+V

เปลี่ยนเป็นภาษาไทย

Change to English
 แสดงรายละเอียดบรรณานุกรม
  กลับหน้าหลัก

Brief Record : Get Marc (ISO 2709) : E-mail record : QR code < ปิดหน้าต่าง
LEADER : 00000nam 2200000uu 4500
001    13399125673
003     ULIB
008    170714s2559||||th 000 0 tha d
020    ^a9786161810535
060  0 ^aQV766^bธ619ป
100 0  ^aธิษณา จรรยาชัยเลิศ^eเรียบเรียง
245 00 ^aประโยชน์มหัศจรรย์: น้ำมันมะกอก /^cธิษณา จรรยาชัยเลิศ^eเรียบเรียง
260    ^aกรุงเทพฯ :^bอมรินทร์เฮลท์ อมรินทร์พริ้นติ้งแอนด์พับลิชชิ่ง,^c2559
300    ^a118 หน้า :^bภาพประกอบ(สีบางส่วน) ;^c21 ซม.
650  0 ^aพืชน้ำมัน^xพืชที่ใช้เป็นยา
650  0 ^aมะกอก^xพืชที่ใช้รักษา
650  0 ^aน้ำมันมะกอก
650  0 ^aสมุนไพร
650  0 ^aการดูแลสุขภาพด้วยน้ำมันมะกอก
650  0 ^aการรักษาโรค
650  0 ^aความงาม
700 0  ^aธิษณา จรรยาชัยเลิศ^eเรียบเรียง
830  0 ^aชุดชีวิตและสุขภาพ^bลำดับที่ 197
945    ^p89^l0^i002656
945    ^p89^l0^i002657
999    ^aประนอม เกษจรัล
รายการนี้ยังไม่มีแท็ก
คุณยังไม่ได้ล็อกอิน คุณสามารถมีกิจกรรมร่วมกับเว็บไซต์ได้ แต่ต้องล็อกอินก่อน ::
  ล็อกอิน

รายการสื่อสารสนเทศ

ลำดับที่ ประเภท เลขเรียก/บาร์โค้ด สถานที่ สถานะ
1. วิทยาศาสตร์การแพทย์ และสุขภาพ
วิทยาศาสตร์การแพทย์ และสุขภาพ
สถานะ=หนังสือเก่า
QV766 ธ619ป ฉ.1 
  Barcode: 002656
ห้องสมุดวิทยาเขตสวรรค์ประชารักษ์
►ส่วนจัดเก็บหนังสือเก่า สปร
บนชั้น
  ขอยืม
2. วิทยาศาสตร์การแพทย์ และสุขภาพ
วิทยาศาสตร์การแพทย์ และสุขภาพ
สถานะ=หนังสือเก่า
QV766 ธ619ป ฉ.2 
  Barcode: 002657
ห้องสมุดวิทยาเขตสวรรค์ประชารักษ์
►ส่วนจัดเก็บหนังสือเก่า สปร
บนชั้น
  ขอยืม

รายการใกล้เคียง
    หัวเรื่อง [น้ำมันมะกอก]
    หัวเรื่อง [สมุนไพร]
    หัวเรื่อง [การดูแลสุขภาพด้วยน้ำมันมะกอก]
    หัวเรื่อง [การรักษาโรค]
    หัวเรื่อง [ความงาม]

BibComment


ยังไม่เคยถูกคอมเมนท์

คอมเมนท์ทรัพยากรรายการนี้
  คอมเมนท์: ประโยชน์มหัศจรรย..


 Copyright 2026. Bcnsprnw @Library